Cargando...
What yokes Shakespeare and Tagore ?
| Autor Principal: | |
|---|---|
| Formato: | Printed Book |
| Publicado: |
Kalady
Sree Sankaracharya University of Sanskrit
2014
|
| Subjects: |
| LEADER | 00530nam a22001457a 4500 | ||
|---|---|---|---|
| 020 | |a 978-93-5156-122-4 | ||
| 082 | |a 809 |b MAR/W | ||
| 100 | |a Marydass. C | ||
| 245 | |a What yokes Shakespeare and Tagore ? | ||
| 260 | |a Kalady |b Sree Sankaracharya University of Sanskrit |c 2014 | ||
| 300 | |a 243p. | ||
| 650 | |a Literature |a Comparative Literature |a Literature Shakespeare |a Literature Tagore | ||
| 942 | |c BK | ||
| 999 | |c 124657 |d 124657 | ||
| 952 | |0 0 |1 0 |4 0 |6 809_000000000000000_MAR_W |7 0 |9 94005 |a SSUS |b SSUS |d 2015-03-16 |o 809 MAR/W |r 2015-03-16 |w 2015-03-16 |y BK | ||